| 000 | 00626nam a2200217Ia 4500 | ||
|---|---|---|---|
| 003 | GCL | ||
| 008 | 140319s9999 xx 000 0 ara d | ||
| 040 |
_aGCL / _cGCL |
||
| 082 | 0 | 4 |
_a709.02 _bم ت |
| 100 | 1 | _aمحمود ابراهيم حسين | |
| 245 | 1 | 0 |
_aتاريخ الفن الاوربى / _cمحمود ابراهيم حسين |
| 260 |
_a[S.N] : _bمكتبة نهضة الشرق ، _c1984 |
||
| 300 | _a82 ص | ||
| 490 | _a | ||
| 650 | 0 | 4 | _aالفن |
| 650 | 0 | 4 | _aالفن البيزنطى |
| 650 | 0 | 4 | _aالفن الاغريقى |
| 650 | 0 | 4 | _aتاريخ ونقد |
| 650 | 0 | 4 | _aاوربا |
| 942 |
_2ddc _cBK |
||
| 999 |
_c35662 _d35662 |
||